| 000 | 00865nam a2200277Ia 4500 | ||
|---|---|---|---|
| 003 | OSt | ||
| 005 | 20221005104632.0 | ||
| 006 | a|||||r|||| 00| 0 | ||
| 007 | ta | ||
| 008 | 221004b |||||||| |||| 00| 0 hin d | ||
| 020 |
_a9789350008027 _c500 |
||
| 024 | _a7081 | ||
| 037 |
_b93, 05/09/2013, Vani Prakashan _cTextual |
||
| 040 |
_aCRL _cCRL _bhin |
||
| 041 |
_2hin _ahin |
||
| 082 | _aO152,3N14,DI:g, Q1 | ||
| 100 | _aयशपाल | ||
| 245 | 0 | _aदिव्या | |
| 246 | _aDivyā | ||
| 260 |
_aदिल्ली _bवाणी प्रकाशन भारत _c2011 |
||
| 300 |
_a96पृ0 _ccm. |
||
| 490 | _aपुनर्पाठ | ||
| 650 | _aहिन्दी साहित्य | ||
| 942 |
_hO152,3N14,DI:g, Q1 _cTEXL _2cc |
||
| 999 |
_c1013309 _d1013309 |
||